Védecká ročenka právnické fakulty Masarykovy university v Brně

Bibliographic Details
Format: Serial
Language:English
Published: Praha Orbis

MARC

LEADER 00000nas a2200000 a 4500
001 vtls009493583
003 SK-MaSNL
005 20260221112706.0
008 090420c mr1 0 0eng d
040 |a SNK  |b slo  |c SNK 
245 0 0 |a Védecká ročenka právnické fakulty Masarykovy university v Brně 
260 |a Praha  |b Orbis 
500 |a Popis podľa: Roč....; č. ...; rok 1931 
910 |a snk 
999 |c 978  |d 2908 
952 |0 0  |1 1  |3 rekatalogizácia  |4 0  |7 0  |8 3  |a SNK  |b SNK  |d 2009-04-20  |i snkK 2075/77  |l 0  |o snkČC 2702/A/10/1931  |p 17A0614145  |r 2026-02-21 19:42:07  |w 2026-02-21  |y PREZ